The world of mathematics: (Record no. 17734)

000 -LEADER
fixed length control field 01084cam a22002651 4500
008 - FIXED-LENGTH DATA ELEMENTS--GENERAL INFORMATION
fixed length control field 730821s1956 nyua b 000 0 eng
050 00 - LIBRARY OF CONGRESS CALL NUMBER
Classification number QA3
Item number .N48 1956
100 1# - MAIN ENTRY--PERSONAL NAME
Personal name Newman, James R.
245 14 - TITLE STATEMENT
Title The world of mathematics:
Remainder of title a small library of the literature of mathematics from Aʻh-mosé the scribe to Albert Einstein/
Statement of responsibility, etc. presented with commentaries and notes by James R. Newman.
260 ## - PUBLICATION, DISTRIBUTION, ETC. (IMPRINT)
Place of publication, distribution, etc. New York:
Name of publisher, distributor, etc. Simon and Schuster,
Date of publication, distribution, etc. 1956.
300 ## - PHYSICAL DESCRIPTION
Extent 4 v. xviii, 2535 p. :
Other physical details ill. ;
Dimensions 23 cm.
440 ## - SERIES STATEMENT/ADDED ENTRY--TITLE
Number of part/section of a work 4 v.
Volume/sequential designation vol 2
504 ## - BIBLIOGRAPHY, ETC. NOTE
Bibliography, etc Bibliographical footnotes.
650 #0 - SUBJECT ADDED ENTRY--TOPICAL TERM
Topical term or geographic name as entry element Mathematics.
942 ## - ADDED ENTRY ELEMENTS (KOHA)
Source of classification or shelving scheme
Koha item type Hard Covered Materials
Classification part QA3 .N48 1956
Holdings
Withdrawn status Lost status Source of classification or shelving scheme Damaged status Not for loan Home library Current library Shelving location Date acquired Source of acquisition Total Checkouts Full call number Barcode Date last seen Price effective from Koha item type
          MACHAKOS UNIVERSITY LIBRARY MACHAKOS UNIVERSITY LIBRARY Open shelf 29/11/2016 Donation(BFA)   QA3 .N48 1956 28042 29/11/2016 29/11/2016 Hard Covered Materials
© Machakos University Library, Along The Highway, Machakos Wote Rd, Machakos, Kenya P.O. Box 136 - 90100 Machakos - Kenya

Tel: ( +254 ) 723 805829 OR Fax : 044-20353 OR Email: library@mksu.ac.ke